书目信息

书名: 美丽乡村之农业文化 
作者: 罗凯
出版信息: 北京   中国农业出版社  2025.4
开本页数: 21cm  191页
丛书名:
单 册:
中图分类: S
科图分类:
主题词: 农业--nong ye--文化遗产--研究--中国
电子资源:
ISBN: 978-7-109-32990-4
000 01038nam0 2200253 450
001 012025000277
005 20251020114119.3
010    @a978-7-109-32990-4@dCNY38.00
100    @a20250624d2025 em y0chiy50 ea
101 @achi
102    @aCN@b110000
105    @aa a 000yy
106    @ar
200 @a美丽乡村之农业文化@Amei li xiang cun zhi nong ye wen hua@f罗凯著
210    @a北京@c中国农业出版社@d2025.4
215    @a191页@c图@d21cm
314    @a罗凯, 男, 中共党员, 中国农学会都市农业与休闲农业分会委员, 全国乡村休闲旅游专家智库专家。主要从事农业美学的研究及其学科体系的构建。
320    @a有书目 (第186-191页)
330    @a本书系统阐述农业文化学的内涵、形式、发展历程、结构、类型、功能、建设与利用等方面的知识, 内容富有一定的创新性, 对于农业文化学科发展具有理论意义, 对于指导各地开发农业新功能和普及农业文化基本知识具有积极作用。
606 @a农业@Anong ye@x文化遗产@x研究@y中国
690    @aS@v5
701  0 @a罗凯@Aluo kai@4著
801  0 @aCN@bCDNYKJZYXY@c20251020
905    @aCDNYKJZYXY@b300727159-61@dS@e3198@f3
    
    美丽乡村之农业文化/罗凯著.-北京:中国农业出版社,2025.4
    191页:图;21cm
    
    
    ISBN 978-7-109-32990-4:CNY38.00
    本书系统阐述农业文化学的内涵、形式、发展历程、结构、类型、功能、建设与利用等方面的知识, 内容富有一定的创新性, 对于农业文化学科发展具有理论意义, 对于指导各地开发农业新功能和普及农业文化基本知识具有积极作用。
相关链接 在五车中查询图书 在当当中查询图书 在豆瓣中查询图书


正题名:美丽乡村之农业文化     索取号:S/3198         预约/预借

序号 登录号 条形码 馆藏地/架位号 状态 备注
1 727159   300727159   柳城-4楼/7架12列1层/ [索取号:S/3198] 在馆    
2 727160   300727160   柳城-4楼/7架12列1层/ [索取号:S/3198] 在馆    
3 727161   300727161   柳城-4楼/7架12列1层/ [索取号:S/3198] 在馆